| 000 | 00748nam a22002177a 4500 | ||
|---|---|---|---|
| 003 | OSt | ||
| 005 | 20251204071237.0 | ||
| 008 | 251204b |||||||| |||| 00| 0 eng d | ||
| 020 | _a9789719656265 | ||
| 040 |
_aDWCL - Main Library _cOC |
||
| 082 | _aRes. 641.5 R771 2016 | ||
| 100 | _aRondilla, Aida H. | ||
| 245 |
_aCookery : _btechnical vocational livelihood track : home economic strand / _cAida H. Rodilla [and 2 others] |
||
| 260 |
_aQuezon City : _bAdriana Publishing Co.Inc., _cc2016. |
||
| 300 |
_avi, 192 pages : _billustrations ; _c26cm. |
||
| 650 | _a1. Cookery - study and teaching | ||
| 650 | _a2. Home economics. | ||
| 700 |
_aAvendaƱo, Emma S. _eAuthor |
||
| 700 |
_aRoque, Elsa P. _eAuthor |
||
| 942 |
_2ddc _cBK-0 CIRC _mRes. _n0 |
||
| 999 |
_c6841 _d6841 |
||